| 000 | 00429nam a2200157 4500 | ||
|---|---|---|---|
| 003 | OSt | ||
| 005 | 20221121111427.0 | ||
| 008 | 221117b |||||||| |||| 00| 0 eng d | ||
| 040 | _cBiblioteca Lado V | ||
| 082 |
_a708 _bG154r |
||
| 110 |
_9481 _aGalerĂa Brito Cimino _eautor |
||
| 245 |
_aRegina Silveira/ _bA Licao/ |
||
| 260 |
_c2002 _aBrasil |
||
| 300 |
_a80p. _c20x24cm |
||
| 942 |
_2ddc _c1 _iG154r _h708 _n0 |
||
| 999 |
_c2706 _d2706 |
||